Implicaciones del trabajo en la vida cotidiana: la situación actual de las y los trabajadores de empresas turísticas en los valles de Orosi y Ujarrás
Esta investigación busca dar cuenta de cómo influye la dinámica de trabajo de las personas que brindan sus servicios laborales a empresas turísticas en el Valle del Reventazón (Orosi-Cachí-Ujarrás, en la provincia de Cartago, Costa Rica) en el desarrollo de tres esferas cotidianas: la familia, el oc...
Salvato in:
| Autore principale: | |
|---|---|
| Natura: | Tesi |
| Lingua: | Spanish |
| Pubblicazione: |
Costa Rica :
San José, Costa Rica
|
| Soggetti: | |
| Tags: |
Aggiungi Tag
Nessun Tag, puoi essere il primo ad aggiungerne!!
|
MARC
| LEADER | 00000 a2200000 04500 | ||
|---|---|---|---|
| 001 | 40227 | ||
| 003 | |||
| 008 | 050701s2009 cr spa d | ||
| 040 | |a CRAI/IIS |c CRAI/IIS | ||
| 020 | |a [sin ISBN] | ||
| 090 | |a 13.09.07 B715i | ||
| 100 | |a Bonilla Soto, Luis | ||
| 245 | |a Implicaciones del trabajo en la vida cotidiana: |b la situación actual de las y los trabajadores de empresas turísticas en los valles de Orosi y Ujarrás | ||
| 260 | |a Costa Rica : |b San José, Costa Rica | ||
| 300 | |a 421 páginas : tablas, gráficos, fotos | ||
| 502 | |a Tesis (licenciatura)--Universidad de Costa Rica. Facultad de Ciencias Sociales. Escuela de Sociología, 2009 | ||
| 520 | |a Esta investigación busca dar cuenta de cómo influye la dinámica de trabajo de las personas que brindan sus servicios laborales a empresas turísticas en el Valle del Reventazón (Orosi-Cachí-Ujarrás, en la provincia de Cartago, Costa Rica) en el desarrollo de tres esferas cotidianas: la familia, el ocio y la participación en actividades comunales. El abordaje permite comprender la cotidianidad de los y las trabajadoras del sector turismo, y da cuenta de la posibilidad de describir de forma integral la manera en que el trabajo se relaciona con los cambios en el resto de esferas cotidianas. | ||
| 650 | |a 1.TURISMO | ||
| 650 | |a 2.EMPRESAS | ||
| 650 | |a 3.CAMBIO SOCIAL | ||
| 650 | |a 4.VIDA COTIDIANA | ||
| 650 | |a 5.COMPORTAMIENTO SOCIAL | ||
| 650 | |a 6.COSTA RICA | ||
| 999 | |c 17970 |d 17970 | ||
